Japanese economic growth : trend acceleration in the twentieth century
Salvato in:
| Autore principale: | |
|---|---|
| Natura: | Libro |
| Lingua: | Undetermined |
| Pubblicazione: |
Stanford
Stanford University Press
1973
|
| Tags: |
Aggiungi Tag
Nessun Tag, puoi essere il primo ad aggiungerne! !
|
| Thư viện lưu trữ: | Trung tâm Học liệu Trường Đại học Cần Thơ |
|---|
| LEADER | 00522nam a2200181Ia 4500 | ||
|---|---|---|---|
| 001 | CTU_86429 | ||
| 008 | 210402s9999 xx 000 0 und d | ||
| 082 | |a 330.952 | ||
| 082 | |b O.37 | ||
| 100 | |a Ohkawa, Kazushi | ||
| 245 | 0 | |a Japanese economic growth : | |
| 245 | 0 | |b trend acceleration in the twentieth century | |
| 245 | 0 | |c Kazushi Ohkawa & Henry Rosovsky | |
| 260 | |a Stanford | ||
| 260 | |b Stanford University Press | ||
| 260 | |c 1973 | ||
| 904 | |i Năm | ||
| 980 | |a Trung tâm Học liệu Trường Đại học Cần Thơ | ||